000 00270nam a2200121Ia 4500
008 190216s9999||||xx |||||||||||||| ||und||
100 _aOwen Guillermo
245 0 _aGame Theory
260 _bAcademic Publishers
300 _a447
650 _aMathematics
942 _cBK
999 _c31984
_d31984